000 00271nam a22001217a 4500
008 181031b xxu||||| |||| 00| 0 eng d
041 _aeng
080 _a616.12
100 _a7
101 _aKAR
245 _aTextbook of Pulmonary Diseases
_cBaum, G.L
942 _2udc
_cBK
999 _c51306
_d51306